Check point CCSA exam cram 2 / (Record no. 62778)
[ view plain ]
| 000 -LEADER | |
|---|---|
| fixed length control field | 00468nam a22001577a 4500 |
| 005 - DATE AND TIME OF LATEST TRANSACTION | |
| control field | 20180731124734.0 |
| 008 - FIXED-LENGTH DATA ELEMENTS--GENERAL INFORMATION | |
| fixed length control field | 120214t xxu||||| |||| 00| 0 eng d |
| 020 ## - INTERNATIONAL STANDARD BOOK NUMBER | |
| International Standard Book Number | 8176357545 |
| Terms of availability | 180.00 |
| 035 ## - SYSTEM CONTROL NUMBER | |
| System control number | B-220157, B-220156 |
| 040 ## - CATALOGING SOURCE | |
| Original cataloging agency | DPL |
| Language of cataloging | ENG |
| 100 ## - MAIN ENTRY--PERSONAL NAME | |
| Personal name | Welberg, Sean |
| 9 (RLIN) | 41991 |
| 245 ## - TITLE STATEMENT | |
| Title | Check point CCSA exam cram 2 / |
| Statement of responsibility, etc | by Sean Walberg |
| 260 ## - PUBLICATION, DISTRIBUTION, ETC. (IMPRINT) | |
| Place of publication, distribution, etc | New Delhi |
| Name of publisher, distributor, etc | Techmedia |
| Date of publication, distribution, etc | 2005p. |
| 300 ## - PHYSICAL DESCRIPTION | |
| Extent | xv, 282p. |
| Dimensions | 23cms |
| 942 ## - ADDED ENTRY ELEMENTS (KOHA) | |
| Source of classification or shelving scheme | Dewey Decimal Classification |
| Item type | English Books |
| Classification part | 005.8 |
| Call number suffix | WAL |
| Withdrawn status | Lost status | Source of classification or shelving scheme | Damaged status | Not for loan | Collection code | Home library | Current library | Shelving location | Date acquired | Cost, normal purchase price | Total Checkouts | Full call number | Barcode | Date last seen | Cost, replacement price | Koha item type | Source of acquisition |
|---|---|---|---|---|---|---|---|---|---|---|---|---|---|---|---|---|---|
| Dewey Decimal Classification | Non-fiction | Patel Nagar | Patel Nagar | 31/07/2018 | 180.00 | 005.8 WAL | B-220156 | 31/07/2018 | 180.00 | English Books | BPPD/PUB | ||||||
| Dewey Decimal Classification | Non-fiction | Sarojini Nagar | Sarojini Nagar | General Stacks | 14/02/2012 | 180.00 | 1 | 005.8 WAL | B-220157 | 01/10/2018 | 180.00 | English Books |
